Giáo trình hình họa vẽ kỹ thuật

Sách trình bày tổng quan một cách ngắn ngọn những kiến thức Hình học họa hình và Vẽ kỹ thuật nhằm giúp người học tiếp cận và nắm vững môn học thuận lợi hơn.

Enregistré dans:
Détails bibliographiques
Auteur principal: Trần Hồng Hải (Chủ biên)
Autres auteurs: Thạc Thu Hiền, Lê Thị Thanh Hằng
Format: Livre
Langue:Vietnamese
Publié: H. Xây dựng 2018
Sujets:
Tags: Ajouter un tag
Pas de tags, Soyez le premier à ajouter un tag!
Thư viện lưu trữ: Thư viện Trường Đại học Nam Cần Thơ
LEADER 01783nam a22002657a 4500
001 NCT_63746
008 190420b xxu||||| |||| 00| 0 vie d
999 |c 3083  |d 3083 
020 |a 9786048224387  |c 76000 
082 0 4 |2 23rd ed.  |a 604.20711  |b H103 
100 1 |a Trần Hồng Hải  |e Chủ biên 
245 1 0 |a Giáo trình hình họa vẽ kỹ thuật  |c Trần Hồng Hải (chủ biên) ; Thạc Thu Hiền, Lê Thị Thanh Hằng, ... 
260 |a H.  |b Xây dựng  |c 2018 
300 |a 131 tr.  |b Hình vẽ  |c 27cm 
520 3 |a Sách trình bày tổng quan một cách ngắn ngọn những kiến thức Hình học họa hình và Vẽ kỹ thuật nhằm giúp người học tiếp cận và nắm vững môn học thuận lợi hơn. 
653 |a Kiến trúc 
700 1 |a Thạc Thu Hiền 
700 1 |a Lê Thị Thanh Hằng 
942 |2 ddc  |c BK 
952 |0 0  |1 0  |2 ddc  |4 0  |6 604_207110000000000_H103  |7 0  |9 16750  |a 000001  |b 000001  |d 2019-04-20  |o 604.20711 H103  |p MD.15236  |r 2019-04-20  |v 76000.00  |w 2019-04-20  |y BK 
952 |0 0  |1 0  |2 ddc  |4 0  |6 604_207110000000000_H103  |7 0  |9 16751  |a 000001  |b 000001  |d 2019-04-20  |l 1  |o 604.20711 H103  |p MD.15237  |r 2020-10-28  |s 2020-10-22  |v 76000.00  |w 2019-04-20  |y BK 
952 |0 0  |1 0  |2 ddc  |4 0  |6 604_207110000000000_H103  |7 0  |9 16752  |a 000001  |b 000001  |d 2019-04-20  |o 604.20711 H103  |p MD.15238  |r 2019-04-20  |v 76000.00  |w 2019-04-20  |y BK 
952 |0 0  |1 0  |2 ddc  |4 0  |6 604_207110000000000_H103  |7 0  |9 16753  |a 000001  |b 000001  |d 2019-04-20  |o 604.20711 H103  |p MD.15239  |r 2019-04-20  |v 76000.00  |w 2019-04-20  |y BK 
952 |0 0  |1 0  |2 ddc  |4 0  |6 604_207110000000000_H103  |7 0  |9 16754  |a 000001  |b 000001  |d 2019-04-20  |o 604.20711 H103  |p MD.15240  |r 2019-04-20  |v 76000.00  |w 2019-04-20  |y BK 
980 |a Thư viện Trường Đại học Nam Cần Thơ